Gaming Quiz

Random Gaming or Board Games Quiz

Operation Pieces by Picture Quiz Stats

 Plays Quiz Updated Jul 30, 2014

Support Sporcle.
Go Orange.
Score 0/12 Timer 03:00
2 Plays Today
% Correct
Broken Heart
95.5%
Wish Bone
81.7%
Adam's Apple
78.3%
Butterflies in the Stomach
62.7%
Funny Bone
60.7%
Charley Horse
55.8%
Bread Basket
35.7%
Water on the Knee
35.1%
Spare Ribs
28.6%
Writer's Cramp
20.4%
Wrenched Ankle
16.9%
The Ankle Bone Connected to the Knee Bone
7.4%

You're not logged in!

Compare scores with friends on all Sporcle quizzes.
OR
Log In

From the Vault

Pokémon Types

by Ronen

My son has discovered Pokémon...I fear that I am going to have a deep intimate knowledge of all this soon.
Remove Ads.
Support Sporcle.
Get the best of Sporcle when you Go Orange. This ad-free experience offers more features, more stats, and more fun while also helping to support Sporcle. Thank you for becoming a member.

Show Comments

Extras

Top Quizzes Today


Score Distribution

Your Account Isn't Verified!

In order to create a playlist on Sporcle, you need to verify the email address you used during registration. Go to your Sporcle Settings to finish the process.

Report this User

Report this user for behavior that violates our Community Guidelines.

Details: